The speed trap. (Record no. 60559)
[ view plain ]
| 000 -LEADER | |
|---|---|
| fixed length control field | 00651cam a2200157 4500 |
| 001 - CONTROL NUMBER | |
| control field | ABS60893 |
| 008 - FIXED-LENGTH DATA ELEMENTS--GENERAL INFORMATION | |
| fixed length control field | 000000n1999 000 0 eng u |
| 035 ## - SYSTEM CONTROL NUMBER | |
| System control number | (Sirsi) u101417 |
| 100 ## - MAIN ENTRY--PERSONAL NAME | |
| Personal name | Minogue, A. |
| 245 #4 - TITLE STATEMENT | |
| Title | The speed trap. |
| 260 ## - PUBLICATION, DISTRIBUTION, ETC. | |
| Date of publication, distribution, etc. | 1999 |
| 490 ## - SERIES STATEMENT | |
| Series statement | Building |
| Volume/sequential designation | 264(8098) 23 July 1999, 68-69(2) |
| 520 ## - SUMMARY, ETC. | |
| Summary, etc. | Warns that although clients often assume they can demand that contractors finish a project by a certain time, in reality they can't. Advises that even if the contractor agrees to acceleration, the cost to the client can be higher than anticipated. Examples. |
| 690 ## - LOCAL SUBJECT ADDED ENTRY--TOPICAL TERM (OCLC, RLIN) | |
| Topical term or geographic name as entry element | BUILT ENVIRONMENT-BUILDING CONTRACT FORMS |
| 942 ## - ADDED ENTRY ELEMENTS (KOHA) | |
| Suppress in OPAC | 0 |
| Withdrawn status | Lost status | Source of classification or shelving scheme | Damaged status | Not for loan | Home library | Current library | Shelving location | Date acquired | Total Checkouts | Full call number | Barcode | Date last seen | Copy number | Price effective from | Koha item type |
|---|---|---|---|---|---|---|---|---|---|---|---|---|---|---|---|
| Dewey Decimal Classification | London | London | Journal article | 04/11/1999 | ABS60893 | 101417-1001 | 06/08/2019 | 1 | 06/08/2019 | Journal article |